Stati per età massima al primo matrimonio - Asia - Statistics

Statistiche generali
  • Questo quiz è stato fatto 5 volte
  • Il punteggio medio è 7 su 10
Statistiche sulle risposte
Età media al primo matrimonio (anni) Nazione % Corretto
31 Giappone
100%
28,8 Armenia
75%
32 Corea del Sud
75%
29,4 Georgia
75%
29 Giordania
75%
29,4 Israele
75%
29,1 Siria
75%
30,8 Libano
50%
29 Singapore
50%
30,2 Cipro
25%
Nessun quiz corrispondente trovato
Distribuzione punteggi
Percentuale di utenti per punteggio
Percentile per numero di risposta
I tuoi punteggi nel tempo
Non hai fatto questo quiz